000 00531nam a22001937a 4500
003 OSt
005 20140310183051.0
008 130227t xxu||||| |||| 00| 0 eng d
050 _aN 7438
_b.G624 1966
082 _aFIL 701.18
_b.G624 1966
245 _aArt in everyday life
_cGoldstein, Harriet, Goldstein, Vetta
260 _aManila
_bGoodwill Trading
_cc1966
300 _axxxvi, 515 p.
_bill. (some col.)
_c23 cm.
521 _aCollege
526 _c1210L-1700L
541 _j1
562 _e1
942 _2lcc
_cBK
_kFIL
999 _c18652
_d18652